MAASAI MARA UNIVERSITY

LIBRARY CATALOGUE

Contact Us: +254 020 2685356/7 or 0774 057787

Box: 861-20500, NAROK, KENYA

Email: info@mmarau.ac.ke

One day at Kitty Hawk : (Record no. 19139)

MARC details
000 -LEADER
fixed length control field 00777nam a22002417a 4500
001 - CONTROL NUMBER
control field 3633885
003 - CONTROL NUMBER IDENTIFIER
control field OSt
005 - DATE AND TIME OF LATEST TRANSACTION
control field 20220215064631.0
008 - FIXED-LENGTH DATA ELEMENTS--GENERAL INFORMATION
fixed length control field 160926b xxu||||| |||| 00| 0 eng d
010 ## - LIBRARY OF CONGRESS CONTROL NUMBER
LC control number 75012740
020 ## - INTERNATIONAL STANDARD BOOK NUMBER
International Standard Book Number 0690001037 :
Terms of availability $10.00
040 ## - CATALOGING SOURCE
Original cataloging agency MMU
Transcribing agency MMU
Modifying agency MMU
Language of cataloging eng
Description conventions MMU
050 00 - LIBRARY OF CONGRESS CALL NUMBER
Classification number TL540.W7
Item number W3 1975
100 1# - MAIN ENTRY--PERSONAL NAME
Personal name Walsh, John Evangelist,
Dates associated with a name 1927-2015.
245 10 - TITLE STATEMENT
Title One day at Kitty Hawk :
Remainder of title the untold story of the Wright brothers and the airplane /
Statement of responsibility, etc. John Evangelist Walsh.
260 ## - PUBLICATION, DISTRIBUTION, ETC. (IMPRINT)
Place of publication, distribution, etc. New York :
Name of publisher, distributor, etc. Crowell,
Date of publication, distribution, etc. 1975.
300 ## - PHYSICAL DESCRIPTION
Extent x, 305 p., [9] leaves of plates :
Other physical details ill. ;
Dimensions 24 cm.
500 ## - GENERAL NOTE
General note Includes index.
504 ## - BIBLIOGRAPHY, ETC. NOTE
Bibliography, etc Bibliography: p. 293-297.
650 ## - SUBJECT ADDED ENTRY--TOPICAL TERM
Topical term or geographic name as entry element Kitty Hawk
700 ## - ADDED ENTRY--PERSONAL NAME
Personal name Wright, Wilbur,
Dates associated with a name 1867-1912.
942 ## - ADDED ENTRY ELEMENTS (KOHA)
Source of classification or shelving scheme Library of Congress Classification
Koha item type L
Holdings
Withdrawn status Lost status Source of classification or shelving scheme Damaged status Not for loan Home library Current library Date acquired Source of acquisition Total Checkouts Full call number Barcode Date last seen Price effective from Koha item type
    Library of Congress Classification     Maasai Mara University Library -Main Campus Maasai Mara University Library -Main Campus 09/26/2016 Donation   TL540.W7W3 1975 201517872 09/26/2016 09/26/2016 L
© 2016 Maasai Mara University.